000 00920nam a22003017a 4500
003 CHAP
005 20220329135811.0
008 971013c19801970 r 00010 d
010 _a42421
011 _a43393
035 _a47529
040 _cCHAP
082 _a632.58
_bF73 1970
100 0 0 _aFrankton, Clarence.
_943045
245 _aWeeds of Canada
260 _aQuebec :
_bDepartment of Agriculture,
_c1980 (c.1970)
300 _a217 p.
_b: ilus.
490 _aPublication
_v; 948
590 _aBATCH-UPD
_b10
_c20130110
_lUCH01
_h2118
590 _aBATCH-UPD
_b10
_c20130410
_lUCH01
_h1428
590 _aBATCH-UPD
_b10
_c20130914
_lUCH01
_h1437
590 _aCONVERSION
_b10
_c20130109
_lUCH01
_h1323
650 1 4 _aMalas hierbas
_xCanadá.
_970005
830 0 _aPublication
_v; 948
_992792
901 _aBK
942 _cLIBRO
949 _a632.58 F73 1970
_bBC
_cLIBRO
_d33724000178646
_eLIBRO
_gI.126981
_h66870
_i47529
_si
999 _c42421
_d42421